00423nam a2200181Ia 4500008004100000020001800041050001400059100001700073245003700090245002000127260001500147260001600162260000900178300001600187300002000203300001000223500000800233170918s9999 xx 000 0 und d a9780545457828 bS459 2012 aSeife, Emily 4aThe hunger games tribute guide / cby Emily Seife. aNew York : bScholastic, c2012 a128 pages : billustrations ; c20cm. a960